[Event "Nanjing Women's FIDE Grand Prix"]
[Site "Nanjing CHN"]
[Date "2009.10.07"]
[EventDate "2009.09.28"]
[Round "9"]
[Result "1-0"]
[White "Baira Kovanova"]
[Black "Marie Sebag"]
[WhiteElo "2408"]
[BlackElo "2519"]
[PlyCount "97"]

1. e4 c5 2. Nf3 d6 3. d4 cxd4 4. Nxd4 Nf6 5. Nc3 a6 6. g3 e5
7. Nde2 Nbd7 8. a4 b6 9. Bg2 Bb7 10. h3 Be7 11. g4 Nc5 12. Ng3
Rc8 13. O-O O-O 14. Be3 g6 15. Qd2 Qc7 16. f4 exf4 17. Bxf4
Nfd7 18. Bh6 Rfe8 19. Nd5 Bxd5 20. exd5 Ne5 21. b3 Bf8 22. Rf2
Qd8 23. b4 Ncd7 24. Ne4 Bxh6 25. Qxh6 Qe7 26. g5 Kh8 27. Raf1
Rg8 28. c3 Rg7 29. Rf6 Rc4 30. Nxd6 Rxc3 31. Ne4 Rc2 32. d6
Qe8 33. R6f2 Rxf2 34. Rxf2 Nd3 35. Rd2 Nxb4 36. Qh4 Qe5
37. Nf6 Qc5+ 38. Qf2 Qc1+ 39. Kh2 Nxf6 40. gxf6 Rg8 41. d7
Qc7+ 42. Qg3 Qd8 43. Qd6 a5 44. Re2 h5 45. Kh1 Kh7 46. Qe7 Nd3
47. Qxf7+ Kh6 48. Qc4 Nc5 49. f7 1-0

[Event "Nanjing Women's FIDE Grand Prix"]
[Site "Nanjing CHN"]
[Date "2009.10.09"]
[EventDate "2009.09.28"]
[Round "11"]
[Result "1/2-1/2"]
[White "Marie Sebag"]
[Black "Yuhua Xu"]
[WhiteElo "2519"]
[BlackElo "2485"]
[PlyCount "94"]

1. e4 e6 2. d4 d5 3. Nd2 c5 4. Ngf3 cxd4 5. Nxd4 Nc6 6. Bb5
Bd7 7. Nxc6 Bxc6 8. Bxc6+ bxc6 9. c4 Nf6 10. Qa4 Qc7 11. exd5
exd5 12. O-O Be7 13. cxd5 Nxd5 14. Nc4 O-O 15. Bd2 Bf6
16. Rac1 c5 17. b3 Bd4 18. Na3 a6 19. Nc2 Bb2 20. Rcd1 Nb6
21. Qa5 Rfc8 22. Be3 Nd7 23. Qxc7 Rxc7 24. Bf4 Ne5 25. Ne3 f6
26. Rd5 Rc6 27. Rfd1 Re8 28. Rd8 Rxd8 29. Rxd8+ Kf7 30. Ra8
Nd3 31. Ra7+ Kf8 32. Bg3 Re6 33. h3 Bd4 34. Nf5 Re1+ 35. Kh2
Nxf2 36. Bd6+ Ke8 37. Nxg7+ Kd8 38. Nf5 Ne4 39. Bc7+ Ke8
40. Nd6+ Nxd6 41. Bxd6 h5 42. Rxa6 h4 43. g3 Kd7 44. Bf4 Rf1
45. Rd6+ Ke7 46. Ra6 Rf2+ 47. Kh1 Rf1+ 1/2-1/2

[Event "17th European Team Championship (Women)"]
[Site "Novi Sad SRB"]
[Date "2009.10.22"]
[EventDate "2009.10.22"]
[Round "1"]
[Result "1-0"]
[White "Zeinab Mamedjarova"]
[Black "Marie Sebag"]
[WhiteElo "2285"]
[BlackElo "2519"]
[PlyCount "86"]

1. d4 d5 2. c4 c6 3. Nf3 Nf6 4. Qb3 dxc4 5. Qxc4 Bf5 6. g3 e6
7. Bg2 Nbd7 8. O-O Be7 9. Nc3 O-O 10. Re1 Ne4 11. Qb3 Qb6
12. Nh4 Bxh4 13. Qxb6 axb6 14. gxh4 Ndf6 15. f3 Nxc3 16. bxc3
Bc2 17. Bf4 Ra4 18. Rec1 Bg6 19. e4 Rfa8 20. Rc2 b5 21. Bd6
Nd5 22. Kf2 Nb6 23. Bf1 Nc4 24. Bb4 Nb6 25. Rd2 f6 26. a3 Rd8
27. Rad1 Raa8 28. Bc5 Na4 29. Bb4 Nb6 30. Bc5 Nc4 31. Ra2 Ra4
32. Bb4 b6 33. Bd3 Rd7 34. Raa1 e5 35. Bc2 Ra8 36. a4 exd4
37. axb5 Rxa1 38. Rxa1 c5 39. Bxc5 bxc5 40. Bb3 dxc3 41. Bxc4+
Kf8 42. Ra2 f5 43. exf5 Bxf5 1-0

[Event "17th European Team Championship (Women)"]
[Site "Novi Sad SRB"]
[Date "2009.10.23"]
[EventDate "2009.10.22"]
[Round "2"]
[Result "1/2-1/2"]
[White "Marie Sebag"]
[Black "Eva Moser"]
[WhiteElo "2519"]
[BlackElo "2407"]
[PlyCount "86"]

1. e4 c5 2. Nf3 Nc6 3. Nc3 Nf6 4. d4 cxd4 5. Nxd4 e5 6. Ndb5
d6 7. Bg5 a6 8. Na3 b5 9. Nd5 Be7 10. Bxf6 Bxf6 11. c4 b4
12. Nc2 O-O 13. g3 a5 14. Bg2 Re8 15. b3 Bg5 16. O-O Ne7
17. Nce3 Bxe3 18. Nxe3 Nc6 19. Qd3 Nd4 20. Rad1 Qb6 21. Kh1
Be6 22. f4 f6 23. Nc2 Nxc2 24. Qxc2 Qc5 25. Rd3 Ra6 26. Qd2
Rb6 27. f5 Bf7 28. g4 h6 29. h4 Kf8 30. g5 hxg5 31. hxg5 Ke7
32. Rh3 Rbb8 33. Qd3 Rh8 34. g6 Rxh3+ 35. Qxh3 Bg8 36. Rd1 a4
37. Qh8 Kf8 38. Rd5 Qe3 39. Rxd6 Qc1+ 40. Kh2 Qf4+ 41. Kh1
Qc1+ 42. Kh2 Qf4+ 43. Kh1 Qc1+ 1/2-1/2

[Event "17th European Team Championship (Women)"]
[Site "Novi Sad SRB"]
[Date "2009.10.25"]
[EventDate "2009.10.22"]
[Round "4"]
[Result "1-0"]
[White "Kateryna Lahno"]
[Black "Marie Sebag"]
[WhiteElo "2483"]
[BlackElo "2519"]
[PlyCount "83"]

1. d4 d5 2. c4 c6 3. Nf3 Nf6 4. e3 Bf5 5. Nc3 e6 6. Nh4 Bg6
7. Be2 Nbd7 8. O-O Bd6 9. g3 O-O 10. Nxg6 hxg6 11. Qb3 Rb8
12. Rd1 Qe7 13. Qc2 a6 14. Bd2 dxc4 15. Bxc4 c5 16. dxc5 Nxc5
17. Bf1 Rbc8 18. Bg2 b5 19. Rac1 Na4 20. Qb1 Nb6 21. Ne4 Nxe4
22. Qxe4 Nd5 23. Qd3 Be5 24. Bxd5 exd5 25. Bc3 Rfd8 26. Bxe5
Qxe5 27. b3 Qe6 28. Rxc8 Qxc8 29. Qd4 Qc2 30. Rd2 Qb1+ 31. Kg2
f5 32. Rd3 Rc8 33. Qxd5+ Kh7 34. Rd4 g5 35. e4 Rf8 36. e5 f4
37. gxf4 gxf4 38. Qe4+ Qxe4+ 39. Rxe4 g5 40. e6 Kg6 41. e7 Re8
42. Kf3 1-0

[Event "17th European Team Championship (Women)"]
[Site "Novi Sad SRB"]
[Date "2009.10.26"]
[EventDate "2009.10.22"]
[Round "5"]
[Result "1/2-1/2"]
[White "Marie Sebag"]
[Black "Elisabeth Paehtz"]
[WhiteElo "2519"]
[BlackElo "2482"]
[PlyCount "70"]

1. e4 e6 2. d4 d5 3. Nd2 Be7 4. Bd3 c5 5. dxc5 Nf6 6. Qe2 O-O
7. Ngf3 a5 8. O-O Na6 9. e5 Nd7 10. c4 Ndxc5 11. Bb1 Nb4
12. Rd1 b6 13. Nd4 Qc7 14. a3 Nc6 15. Nxc6 Qxc6 16. cxd5 exd5
17. Nf3 Ne6 18. Qd3 g6 19. Ba2 Nc7 20. Nd4 Qd7 21. Bh6 Ba6
22. Qf3 Rfc8 23. Ne2 Qe6 24. Nc3 Bc4 25. Nxd5 Nxd5 26. Bxc4
Rxc4 27. Rxd5 Rac8 28. Be3 Rc2 29. Rb1 Bc5 30. Bd2 a4 31. h3
b5 32. Qd3 Rc4 33. Bh6 Qb6 34. Rd1 Bxf2+ 35. Kh1 Bh4 1/2-1/2

[Event "17th European Team Championship (Women)"]
[Site "Novi Sad SRB"]
[Date "2009.10.29"]
[EventDate "2009.10.22"]
[Round "8"]
[Result "1/2-1/2"]
[White "Marie Sebag"]
[Black "Monica Calzetta Ruiz"]
[WhiteElo "2519"]
[BlackElo "2386"]
[PlyCount "108"]

1. e4 c5 2. Nf3 d6 3. d4 cxd4 4. Nxd4 Nf6 5. Nc3 g6 6. Be3 Bg7
7. f3 Nc6 8. Qd2 O-O 9. O-O-O d5 10. exd5 Nxd5 11. Nxc6 bxc6
12. Bd4 Bxd4 13. Qxd4 Qb6 14. Na4 Qa5 15. b3 Qc7 16. h4 h5
17. Bc4 Rd8 18. Rhe1 Bf5 19. Qe5 Qxe5 20. Rxe5 Bxc2 21. Rd2
Bf5 22. Bxd5 cxd5 23. Rdxd5 e6 24. Rxd8+ Rxd8 25. Rc5 Kg7
26. Nb2 Rd7 27. b4 Rd4 28. Rc4 Rxc4+ 29. Nxc4 Bd3 30. Nd6 g5
31. Kd2 Bf1 32. Ke1 Bxg2 33. Kf2 Bh3 34. hxg5 e5 35. Kg3 Bd7
36. Kh4 Kg6 37. b5 f6 38. gxf6 Kxf6 39. a4 Ke6 40. Ne4 Be8
41. Kg5 Bf7 42. Kh4 Be8 43. Kh3 Bg6 44. Kg3 Kd5 45. Nf6+ Kc5
46. Nd7+ Kd6 47. Nb8 Bc2 48. a5 Ba4 49. b6 axb6 50. axb6 Bb5
51. Kh4 Be2 52. b7 Kc7 53. Nc6 Kxb7 54. Nxe5 Bxf3 1/2-1/2

[Event "17th European Team Championship (Women)"]
[Site "Novi Sad SRB"]
[Date "2009.10.30"]
[EventDate "2009.10.22"]
[Round "9"]
[Result "0-1"]
[White "Yelena Dembo"]
[Black "Marie Sebag"]
[WhiteElo "2482"]
[BlackElo "2519"]
[PlyCount "82"]

1. e4 c5 2. Nf3 Nc6 3. Bb5 d6 4. O-O Bd7 5. Re1 Nf6 6. c3 a6
7. Bf1 Bg4 8. d3 e6 9. Nbd2 Bh5 10. h3 d5 11. Qc2 Be7 12. Nh2
Qc7 13. g3 O-O 14. Bg2 Rad8 15. Ndf1 Bg6 16. Ng4 b5 17. f4 h6
18. Qf2 d4 19. Qf3 Nd7 20. f5 Bh7 21. Bf4 e5 22. Bd2 c4
23. Nxh6+ gxh6 24. Bxh6 Kh8 25. Bxf8 Bxf8 26. Rad1 Nc5
27. dxc4 bxc4 28. Nh2 Nd3 29. Re2 Nxb2 30. Rf1 Na4 31. Ng4 d3
32. Rd2 Nxc3 33. Kh2 Qb6 34. h4 Ne2 35. Bh3 Ncd4 36. Qe3 f6
37. Kg2 Qc6 38. Kh2 c3 39. Rxd3 c2 40. Nxe5 fxe5 41. Qg5 Qd6
0-1

[Event "Aeroflot Open"]
[Site "Moscow RUS"]
[Date "2010.02.09"]
[EventDate "2010.02.09"]
[Round "1"]
[Result "1-0"]
[White "Alexander Khalifman"]
[Black "Marie Sebag"]
[WhiteElo "2616"]
[BlackElo "2510"]
[PlyCount "55"]

1. d4 d5 2. c4 c6 3. Nf3 Nf6 4. Nc3 e6 5. g3 Nbd7 6. Bg2 dxc4
7. O-O b5 8. e4 Bb7 9. e5 Nd5 10. Ng5 Nxc3 11. Qf3 Qe7
12. bxc3 Nb6 13. Qh5 Qd7 14. Nxh7 O-O-O 15. Nxf8 Rxh5 16. Nxd7
Rxd7 17. Bf3 Rh8 18. Bd1 Nd5 19. Bd2 a5 20. a3 a4 21. Rb1 Nc7
22. Be3 Nd5 23. Bd2 Nc7 24. Re1 Rdd8 25. f3 Rd7 26. h4 c5
27. Be3 cxd4 28. Bxd4 1-0

[Event "Aeroflot Open"]
[Site "Moscow RUS"]
[Date "2010.02.10"]
[EventDate "2010.02.09"]
[Round "2"]
[Result "1/2-1/2"]
[White "Pavel Maletin"]
[Black "Marie Sebag"]
[WhiteElo "2591"]
[BlackElo "2510"]
[PlyCount "80"]

1. d4 d5 2. c4 c6 3. Nf3 Nf6 4. Nc3 e6 5. Bg5 h6 6. Bh4 dxc4
7. e4 g5 8. Bg3 b5 9. Be2 Bb7 10. O-O Nbd7 11. Ne5 h5 12. Nxd7
Qxd7 13. Qc1 Rg8 14. Qe3 Bb4 15. a4 a6 16. Be5 Qe7 17. Bxf6
Qxf6 18. Bxh5 Rh8 19. Bf3 Qf4 20. Qxf4 gxf4 21. Ne2 O-O-O
22. Rfd1 Rh4 23. h3 Bd6 24. Bg4 Bc7 25. axb5 axb5 26. b3 cxb3
27. Rab1 c5 28. Rxb3 Bxe4 29. Rxb5 f5 30. Rxc5 fxg4 31. Nxf4
gxh3 32. Nxe6 hxg2 33. Rxc7+ Kb8 34. f3 Rg8 35. Kf2 Rh1
36. Rcc1 Bxf3 37. Kxf3 Rxd1 38. Rxd1 g1=Q 39. Rxg1 Rxg1
40. Ke4 Rd1 1/2-1/2

[Event "Aeroflot Open"]
[Site "Moscow RUS"]
[Date "2010.02.11"]
[EventDate "2010.02.09"]
[Round "3"]
[Result "1-0"]
[White "Marie Sebag"]
[Black "Josep Manuel Lopez Martinez"]
[WhiteElo "2510"]
[BlackElo "2593"]
[PlyCount "275"]

1. e4 e5 2. Nf3 Nc6 3. Bb5 a6 4. Ba4 Nf6 5. O-O Be7 6. Re1 b5
7. Bb3 d6 8. c3 O-O 9. h3 Nb8 10. d4 Nbd7 11. Nbd2 Bb7 12. Bc2
Re8 13. Nf1 c5 14. d5 g6 15. Ng3 c4 16. Be3 Bf8 17. Qd2 Bg7
18. Nh2 Nc5 19. f4 exf4 20. Bxf4 Bc8 21. Kh1 Qe7 22. Rf1 Qf8
23. Rae1 Ncd7 24. Nf3 Bb7 25. Nd4 Nc5 26. b4 cxb3 27. axb3
Rac8 28. Rf2 Kh8 29. Bg5 Ncd7 30. Ref1 Qe7 31. Ndf5 gxf5
32. Nxf5 Nxe4 33. Bxe4 Qxe4 34. Nxg7 Re5 35. Nf5 Rxd5 36. Qb2
Rd3 37. c4+ Qe5 38. Qxe5+ dxe5 39. Nh6 Rxh3+ 40. Kg1 Rxh6
41. Bxh6 f6 42. Rd1 Rc7 43. cxb5 axb5 44. Rfd2 Bc8 45. Ra2 Kg8
46. Ra8 Kf7 47. Rxc8 Rxc8 48. Rxd7+ Kg6 49. Bd2 Rc2 50. b4 h5
51. Be3 Rb2 52. Bc5 f5 53. Rd5 e4 54. Bd6 e3 55. Re5 Rd2
56. Be7 f4 57. Bh4 Rd1+ 58. Kh2 Rd4 59. Be7 Rd2 60. Bc5 Rb2
61. Bd6 Rd2 62. Be7 Re2 63. Bc5 Rb2 64. Kh3 e2 65. Bf2 Rb3+
66. Kh2 Rxb4 67. Rxe2 Rb3 68. Re5 b4 69. Bh4 f3 70. Rg5+ Kh6
71. g3 Rb2+ 72. Kg1 b3 73. Rb5 Rg2+ 74. Kf1 b2 75. Rb6+ Kh7
76. Bf6 Rxg3 77. Bxb2 Rg5 78. Bf6 Rf5 79. Kf2 Kg8 80. Bd4 Kf7
81. Kf1 Ke7 82. Bf2 Kf7 83. Bg3 Ke7 84. Kf2 Kf7 85. Ke3 Rf6
86. Rb5 Kg6 87. Bh4 Rf5 88. Rb7 Rf7 89. Rb6+ Kg7 90. Bg3 Rf5
91. Rb4 Kg6 92. Bf4 Ra5 93. Kxf3 Kf5 94. Be3 Re5 95. Bd4 Ra5
96. Kg3 Rd5 97. Kh4 Ke4 98. Bf6+ Kd3 99. Rb8 Ke4 100. Bg5 Ra5
101. Kxh5 Kf5 102. Rf8+ Ke5 103. Kg4 Ra2 104. Re8+ Kd5
105. Kf5 Rg2 106. Rd8+ Kc4 107. Be3 Rg7 108. Bf4 Re7 109. Be5
Rh7 110. Ke4 Rh4+ 111. Bf4 Kc5 112. Rc8+ Kb6 113. Ke5 Kb7
114. Rc4 Rh1 115. Kd5 Rd1+ 116. Kc5 Rb1 117. Re4 Ka6 118. Re6+
Kb7 119. Re7+ Ka6 120. Bd6 Rb5+ 121. Kc4 Rb7 122. Re1 Rb2
123. Bc5 Rc2+ 124. Kd5 Rb2 125. Re8 Rb3 126. Kc4 Rb1 127. Re7
Rc1+ 128. Kd5 Kb5 129. Rb7+ Ka4 130. Rb4+ Ka5 131. Kc6 Rh1
132. Rb3 Rh6+ 133. Bd6 Rh4 134. Ra3+ Ra4 135. Rh3 Ra2 136. Rh4
Ra1 137. Bb4+ Ka6 138. Rh8 1-0

[Event "Aeroflot Open"]
[Site "Moscow RUS"]
[Date "2010.02.16"]
[EventDate "2010.02.09"]
[Round "8"]
[Result "1-0"]
[White "Marie Sebag"]
[Black "Sergei Yudin"]
[WhiteElo "2510"]
[BlackElo "2573"]
[PlyCount "59"]

1. e4 d6 2. d4 Nf6 3. Nc3 e5 4. Nf3 Nbd7 5. Bc4 Be7 6. O-O O-O
7. Re1 a6 8. a4 b6 9. Ne2 Bb7 10. Ng3 Nxe4 11. Nxe4 d5
12. Nxe5 Nxe5 13. dxe5 dxe4 14. Bf4 Qc8 15. Qh5 g6 16. Qh6 Qf5
17. Re3 Kh8 18. Rh3 g5 19. Rh5 Rg8 20. Bd2 Rg7 21. Bc3 e3
22. f3 Qxc2 23. e6 f6 24. Bxf6 Bxf6 25. Qxf6 Qxc4 26. Rxg5
Rag8 27. Rxg7 Rxg7 28. Rd1 Bd5 29. Qd8+ Rg8 30. Qxd5 1-0

[Event "Aeroflot Open"]
[Site "Moscow RUS"]
[Date "2010.02.17"]
[EventDate "2010.02.09"]
[Round "9"]
[Result "1-0"]
[White "Renier Vazquez Igarza"]
[Black "Marie Sebag"]
[WhiteElo "2560"]
[BlackElo "2510"]
[PlyCount "67"]

1. d4 d5 2. c4 c6 3. Nf3 Nf6 4. Nc3 e6 5. Bg5 h6 6. Bxf6 Qxf6
7. e3 Nd7 8. Bd3 dxc4 9. Bxc4 g6 10. O-O Bg7 11. e4 O-O 12. e5
Qe7 13. Qe2 Rd8 14. Rad1 b6 15. Rfe1 a6 16. Bd3 Bb7 17. Be4
Rab8 18. h4 b5 19. Qe3 Nb6 20. b3 b4 21. Ne2 Nd5 22. Bxd5 Rxd5
23. Nf4 Ra5 24. h5 g5 25. Nd3 Rxa2 26. Nc5 g4 27. Nh2 Qh4
28. Qf4 Qxh5 29. Nxg4 Qg5 30. Qf3 h5 31. Nf6+ Bxf6 32. exf6
Ba8 33. Re5 Qg4 34. Rxh5 1-0

[Event "European Individual Championships (Women)"]
[Site "Rijeka CRO"]
[Date "2010.03.07"]
[EventDate "2010.03.06"]
[Round "2"]
[Result "1/2-1/2"]
[White "Sopio Gvetadze"]
[Black "Marie Sebag"]
[WhiteElo "2342"]
[BlackElo "2503"]
[PlyCount "122"]

1. e4 c5 2. Nf3 Nc6 3. d4 cxd4 4. Nxd4 Nf6 5. Nc3 e5 6. Ndb5
d6 7. Bg5 a6 8. Na3 b5 9. Nd5 Be7 10. Bxf6 Bxf6 11. c3 Bg5
12. Nc2 Ne7 13. Ncb4 O-O 14. a4 bxa4 15. Rxa4 a5 16. Nxe7+
Qxe7 17. Nd5 Qb7 18. b3 Bd7 19. Ra3 Kh8 20. Bc4 f5 21. exf5
Bxf5 22. O-O Qc6 23. Ra4 Qc5 24. Be2 Be6 25. c4 e4 26. Ra2
Rab8 27. Nc3 e3 28. f3 Qb4 29. Ne4 Be7 30. Qd4 d5 31. Ra4 Qxb3
32. cxd5 Qxd5 33. Qxd5 Bxd5 34. Rxa5 Bxe4 35. fxe4 Rfc8
36. Ra2 Bf6 37. g3 Rb4 38. Bg4 Rcb8 39. Bf3 Rb2 40. Rxb2 Rxb2
41. Re1 g6 42. Re2 Rb3 43. Kg2 Kg7 44. Ra2 Rb4 45. Rc2 Be5
46. Be2 Rb7 47. Bf3 Bd4 48. Ra2 Rb4 49. Be2 Bb6 50. Kf3 Kf6
51. Ra8 Bd4 52. Ra6+ Bb6 53. Ra8 Bd4 54. Ra6+ Rb6 55. Rxb6+
Bxb6 56. Bc4 Ke5 57. Bd5 Kd4 58. Ke2 Bc7 59. Bg8 h6 60. Bh7 g5
61. Bg6 Bb6 1/2-1/2

[Event "European Individual Championships (Women)"]
[Site "Rijeka CRO"]
[Date "2010.03.08"]
[EventDate "2010.03.06"]
[Round "3"]
[Result "1/2-1/2"]
[White "Marie Sebag"]
[Black "Adriana Nikolova"]
[WhiteElo "2503"]
[BlackElo "2348"]
[PlyCount "69"]

1. e4 c5 2. Nf3 Nc6 3. Bb5 d6 4. O-O Bd7 5. Re1 Nf6 6. c3 a6
7. Ba4 b5 8. Bc2 Bg4 9. d3 e6 10. Nbd2 Be7 11. h3 Bh5 12. Nf1
Qc7 13. Ng3 Bxf3 14. Qxf3 Nd7 15. Be3 b4 16. Rac1 bxc3
17. bxc3 Qa5 18. Bb3 Nce5 19. Qd1 c4 20. dxc4 g5 21. Rf1 Rg8
22. f3 Rc8 23. Qe2 Qc7 24. Rb1 Nc5 25. Rfd1 Kf8 26. Nh5 Ned7
27. Bf2 Qa5 28. Qe3 Ne5 29. Kh1 Ng6 30. Bg3 Ne5 31. Qd4 Nc6
32. Qe3 Ne5 33. Qd4 Nc6 34. Qe3 Ne5 35. Qd4 1/2-1/2

[Event "European Individual Championships (Women)"]
[Site "Rijeka CRO"]
[Date "2010.03.09"]
[EventDate "2010.03.06"]
[Round "4"]
[Result "0-1"]
[White "Alina Kashlinskaya"]
[Black "Marie Sebag"]
[WhiteElo "2332"]
[BlackElo "2503"]
[PlyCount "104"]

1. d4 d5 2. c4 c6 3. Nc3 Nf6 4. Nf3 dxc4 5. a4 Bf5 6. e3 e6
7. Bxc4 Bb4 8. O-O O-O 9. Qe2 Bg6 10. Ne5 Nbd7 11. Nxg6 hxg6
12. Rd1 Qa5 13. Qc2 Rac8 14. Na2 Bd6 15. b4 Qh5 16. f4 g5
17. Be2 Qh6 18. g3 gxf4 19. exf4 Nd5 20. Bd2 Qf6 21. Qd3 Rfd8
22. Bf3 Nf8 23. Rab1 Ng6 24. Qe4 Nge7 25. Nc1 Nf5 26. Ne2 Bc7
27. Kh1 Bb6 28. a5 Bc7 29. Rb3 a6 30. Be1 Bb8 31. Bf2 Ba7
32. Qb1 Nc7 33. Rbd3 Nb5 34. Qa1 Rd7 35. g4 Ne7 36. Qc1 Nd5
37. Qd2 Rcd8 38. Be4 Nd6 39. Bf3 Qe7 40. Rb3 Qf6 41. Rd3 Bb8
42. Bg3 Qg6 43. Qe1 Nc4 44. f5 exf5 45. Bxb8 Rxb8 46. gxf5
Qxf5 47. Qh4 Re8 48. Ng3 Qf4 49. Qxf4 Nxf4 50. Rc3 Rxd4
51. Rdc1 Nd6 52. Kg1 Rxb4 0-1

[Event "European Individual Championships (Women)"]
[Site "Rijeka CRO"]
[Date "2010.03.10"]
[EventDate "2010.03.06"]
[Round "5"]
[Result "1/2-1/2"]
[White "Marie Sebag"]
[Black "Nino Khurtsidze"]
[WhiteElo "2503"]
[BlackElo "2434"]
[PlyCount "66"]

1. e4 c5 2. Nf3 e6 3. d4 cxd4 4. Nxd4 Nf6 5. Nc3 d6 6. Be3 a6
7. Be2 Be7 8. O-O Qc7 9. a4 Nc6 10. f4 O-O 11. Kh1 Re8 12. Bf3
Bd7 13. Nb3 b6 14. g4 Bc8 15. g5 Nd7 16. Bg2 Bb7 17. Qd2 Nb4
18. Rad1 Bf8 19. Qf2 Rac8 20. Rd2 d5 21. f5 Nc5 22. fxe6 fxe6
23. a5 Nxb3 24. cxb3 bxa5 25. Bb6 Qe7 26. Bxa5 Qxg5 27. Qf7+
Kh8 28. Rdf2 Qe7 29. Bxb4 Qxb4 30. exd5 exd5 31. Nxd5 Bxd5
32. Bxd5 Bd6 33. Bc4 a5 1/2-1/2

[Event "European Individual Championships (Women)"]
[Site "Rijeka CRO"]
[Date "2010.03.11"]
[EventDate "2010.03.06"]
[Round "6"]
[Result "1/2-1/2"]
[White "Jolanta Zawadzka"]
[Black "Marie Sebag"]
[WhiteElo "2404"]
[BlackElo "2503"]
[PlyCount "53"]

1. e4 c5 2. Nf3 d6 3. d4 cxd4 4. Nxd4 Nf6 5. Nc3 Bd7 6. Bg5 e6
7. Ndb5 Bc6 8. Bxf6 gxf6 9. Qh5 a6 10. Nd4 Qb6 11. O-O-O Qc5
12. Qf3 Be7 13. Be2 Bd7 14. Rhf1 Nc6 15. Nb3 Qb6 16. Qh5 O-O-O
17. f4 Kb8 18. Kb1 Rdf8 19. Rfe1 Qc7 20. Bf3 Bc8 21. a3 Bd8
22. Rd3 Na5 23. Red1 Nc4 24. Nd2 Nb6 25. Nb3 Nc4 26. Nd2 Nb6
27. Nb3 1/2-1/2

[Event "European Individual Championships (Women)"]
[Site "Rijeka CRO"]
[Date "2010.03.12"]
[EventDate "2010.03.06"]
[Round "7"]
[Result "1-0"]
[White "Marie Sebag"]
[Black "Vera Nebolsina"]
[WhiteElo "2503"]
[BlackElo "2310"]
[PlyCount "67"]

1. e4 e5 2. Nf3 Nf6 3. Nxe5 d6 4. Nf3 Nxe4 5. d4 d5 6. Bd3 Be7
7. O-O Nc6 8. Nc3 Bf5 9. Re1 Nxc3 10. bxc3 Bxd3 11. Qxd3 O-O
12. Qf5 h6 13. Rb1 Rb8 14. Qg4 Kh7 15. Bf4 Bd6 16. Ne5 Bxe5
17. dxe5 Qe7 18. Qf5+ Kg8 19. Bg3 Qe6 20. Qd3 Ne7 21. f4 b6
22. Bh4 Nf5 23. Bf2 h5 24. Qf3 g6 25. h3 Kg7 26. Rbd1 Rbd8
27. g4 hxg4 28. hxg4 Nh6 29. Bh4 Nxg4 30. Rd2 b5 31. Rg2 Qb6+
32. Kf1 f5 33. exf6+ Nxf6 34. Re7+ 1-0

[Event "European Individual Championships (Women)"]
[Site "Rijeka CRO"]
[Date "2010.03.14"]
[EventDate "2010.03.06"]
[Round "8"]
[Result "1/2-1/2"]
[White "Mariya Muzychuk"]
[Black "Marie Sebag"]
[WhiteElo "2444"]
[BlackElo "2503"]
[PlyCount "154"]

1. d4 d5 2. c4 c6 3. Nc3 Nf6 4. Nf3 dxc4 5. a4 Bf5 6. Ne5 Nbd7
7. Nxc4 Nb6 8. Ne5 a5 9. g3 e6 10. Bg2 Bb4 11. O-O O-O 12. e3
h6 13. Qe2 Bh7 14. Rd1 Qe7 15. e4 Nfd7 16. Nxd7 Nxd7 17. Na2
Bd6 18. f4 Rfd8 19. b3 Bc7 20. Nc3 Qb4 21. Qc4 Bb6 22. Ba3 Ne5
23. Qxb4 axb4 24. Ne2 Ng4 25. Bxb4 Ne3 26. Rd2 Nxg2 27. Kxg2
Bxe4+ 28. Kf2 Bf5 29. Rc1 Bg4 30. Bc5 Bc7 31. Ke3 Bxe2
32. Rxe2 Rd5 33. Rc4 Rd7 34. Ra2 f6 35. Bb4 Bb6 36. Bc5 Bc7
37. Bb4 Rd5 38. a5 Ra6 39. Rc5 Rd7 40. Ra4 Kf7 41. Bc3 Bd6
42. Rcc4 Be7 43. Be1 Rd5 44. Bb4 Rb5 45. Kd3 Bd8 46. Rc5 Be7
47. Rc4 Bxb4 48. Rcxb4 Raxa5 49. Rxa5 Rxb4 50. Kc3 Rb6 51. Kc4
Ke7 52. b4 Kd6 53. Ra8 Rb5 54. Rh8 Ke7 55. h4 h5 56. Rb8 Kf7
57. Rc8 g5 58. fxg5 fxg5 59. hxg5 Kg6 60. Re8 Kf7 61. Rc8 Rxg5
62. Rc7+ Kf6 63. Rxb7 Rxg3 64. Rc7 Rg1 65. Kd3 h4 66. Rxc6 h3
67. Rc2 Kf5 68. b5 Rb1 69. Kc4 Kg4 70. Re2 Kf3 71. Rxe6 h2
72. Rh6 h1=Q 73. Rxh1 Rxh1 74. b6 Ke4 75. Kc5 Rh5+ 76. d5
Rxd5+ 77. Kc6 Rd8 1/2-1/2

[Event "European Individual Championships (Women)"]
[Site "Rijeka CRO"]
[Date "2010.03.15"]
[EventDate "2010.03.06"]
[Round "9"]
[Result "0-1"]
[White "Ketevan Arakhamia-Grant"]
[Black "Marie Sebag"]
[WhiteElo "2447"]
[BlackElo "2503"]
[PlyCount "114"]

1. e4 c5 2. Nf3 d6 3. d4 cxd4 4. Nxd4 Nf6 5. Nc3 a6 6. f4 e5
7. Nf3 Nbd7 8. a4 Be7 9. Bc4 O-O 10. O-O Qc7 11. Qe2 exf4
12. Bxf4 Ne5 13. Bb3 Be6 14. Kh1 Ng6 15. Be3 Rfe8 16. Nd4 Bxb3
17. cxb3 d5 18. Nxd5 Nxd5 19. exd5 Bg5 20. Nf5 Bxe3 21. Nxe3
Qb6 22. Rae1 Qxb3 23. Qf2 f6 24. a5 Rad8 25. Qd2 Ne5 26. Rd1
Nf7 27. Nf5 g6 28. Ng3 Re5 29. Qf4 f5 30. d6 Rd5 31. Rde1
R5xd6 32. Re7 R6d7 33. Rxd7 Rxd7 34. h3 Rd1 35. Rxd1 Qxd1+
36. Kh2 Qd5 37. b4 Kg7 38. Kg1 Qd6 39. Ne2 Qxf4 40. Nxf4 Kf6
41. Nd3 Nd6 42. Kf2 Ke6 43. h4 Kd5 44. Ke3 Kc4 45. Ke2 Nf7
46. Ke3 Nd8 47. g3 Ne6 48. Kd2 Kd4 49. Ke2 h6 50. Nf2 g5
51. hxg5 hxg5 52. Kd2 g4 53. Ke2 Ng5 54. Nd1 Ne4 55. Ne3 Nxg3+
56. Kf2 Ne4+ 57. Ke2 Nd6 0-1

[Event "European Individual Championships (Women)"]
[Site "Rijeka CRO"]
[Date "2010.03.16"]
[EventDate "2010.03.06"]
[Round "10"]
[Result "1-0"]
[White "Marie Sebag"]
[Black "Lilit Galojan"]
[WhiteElo "2503"]
[BlackElo "2380"]
[PlyCount "113"]

1. e4 e5 2. Nf3 Nc6 3. Bb5 a6 4. Ba4 Nf6 5. O-O Be7 6. Re1 b5
7. Bb3 O-O 8. a4 b4 9. d4 d6 10. dxe5 dxe5 11. Qxd8 Rxd8
12. Nbd2 Bc5 13. Bc4 h6 14. Nb3 Bd6 15. Nfd2 Be7 16. Bd3 Nd7
17. Bc4 Nb6 18. Bf1 a5 19. Bb5 Na7 20. Bf1 Nc6 21. Nf3 Be6
22. Bb5 Na7 23. Ba6 Nac8 24. Bb5 Bd6 25. Bc6 Ra7 26. Be3 Ne7
27. Bb5 Raa8 28. Nc5 Bc8 29. Red1 f6 30. Nd2 f5 31. f3 f4
32. Bf2 Kf7 33. Ndb3 Kf6 34. Rd2 Nd7 35. Bxd7 Bxd7 36. Nb7 Nc6
37. Nxd6 cxd6 38. Rxd6+ Ke7 39. Bc5 Ke8 40. Rad1 Bc8 41. Rxd8+
Nxd8 42. Bb6 Bd7 43. Rd5 Bxa4 44. Rxe5+ Kf7 45. Rxa5 Rxa5
46. Nxa5 Ne6 47. b3 Bb5 48. Kf2 Ke7 49. Nb7 Bc6 50. Nc5 Nd4
51. Nd3 Nxc2 52. Nxf4 g5 53. Nd3 Bb5 54. Nxb4 Na1 55. Nd5+ Kd6
56. b4 Nb3 57. Ke3 1-0

[Event "European Individual Championships (Women)"]
[Site "Rijeka CRO"]
[Date "2010.03.17"]
[EventDate "2010.03.06"]
[Round "11"]
[Result "1/2-1/2"]
[White "Monika (Bobrowska) Socko"]
[Black "Marie Sebag"]
[WhiteElo "2465"]
[BlackElo "2503"]
[PlyCount "84"]

1. d4 d5 2. c4 c6 3. e3 Nf6 4. Nf3 Bf5 5. Nc3 e6 6. Nh4 Bg6
7. Nxg6 hxg6 8. g3 Nbd7 9. Bg2 dxc4 10. Qe2 Nb6 11. O-O Bb4
12. Rd1 O-O 13. e4 Qe7 14. a3 Bxc3 15. bxc3 e5 16. a4 Qe6
17. a5 Nbd7 18. d5 cxd5 19. exd5 Qf5 20. Qxc4 e4 21. Bf4 g5
22. Bd6 Rfe8 23. Qd4 Rac8 24. c4 b6 25. axb6 axb6 26. Re1 Nc5
27. Bxc5 bxc5 28. Qd2 Qe5 29. Rab1 g4 30. Qc2 Qd4 31. Rbd1 Qe5
32. Re2 Ra8 33. Qc1 Ra4 34. Ree1 Rb4 35. Re2 Ra8 36. d6 Rd8
37. d7 Rb7 38. Rde1 Rbxd7 39. Bxe4 Qd4 40. Qc2 g6 41. Bxg6
fxg6 42. Qxg6+ Rg7 1/2-1/2

[Event "FIDE Women Grand Prix"]
[Site "Ulaanbaatar MGL"]
[Date "2010.07.30"]
[EventDate "2010.07.30"]
[Round "1"]
[Result "1/2-1/2"]
[White "Marie Sebag"]
[Black "Yuhua Xu"]
[WhiteElo "2519"]
[BlackElo "2488"]
[PlyCount "72"]

1. e4 e6 2. d4 d5 3. Nd2 c5 4. Ngf3 cxd4 5. Nxd4 Nf6 6. exd5
Qxd5 7. N2f3 Bc5 8. Be2 O-O 9. O-O Rd8 10. c4 Qd6 11. Nb3 Qxd1
12. Rxd1 Rxd1+ 13. Bxd1 Bb6 14. Ne5 Bc7 15. Nd3 e5 16. Bg5 Bf5
17. Ndc5 Ne4 18. Bc2 Nxc5 19. Bxf5 Nxb3 20. axb3 Nc6 21. Be3
Nd4 22. Bxd4 exd4 23. Kf1 g6 24. Be4 a5 25. Re1 Bd6 26. Bd5
Kg7 27. g4 Rb8 28. Re4 Bc5 29. g5 f5 30. gxf6+ Kxf6 31. Rf4+
Kg5 32. Rf7 Rf8 33. Rxf8 Bxf8 34. Bxb7 Kf4 35. Ke2 g5 36. Kd3
Bc5 1/2-1/2